Děláme si sami pivo příručka pro domáci piva

Salvato in:
Dettagli Bibliografici
Autore principale: Lehrl, Richard
Natura: Libro
Lingua:ceco
Pubblicazione: Český Těšín Víkend 2017
Edizione:2. vyd.
Accesso online:Visualizza in OPAC
Tags: Aggiungi Tag
Nessun Tag, puoi essere il primo ad aggiungerne!!

MARC

LEADER 00000nam a2200000 a 4500
005 20260127134156.0
008 170810 2017 xr 000 0 cze d
020 |a 9788074331909 
035 |a vtls011706408 
039 9 |y 201708101148  |z mschk03 
040 |a STUSCHK1  |b slo  |c STUSCHK1  |e AACR2 
100 1 |a Lehrl, Richard 
245 1 |a Děláme si sami pivo  |b příručka pro domáci piva  |c Richard Lehrl 
250 |a 2. vyd. 
260 |a Český Těšín  |b Víkend  |c 2017 
300 |a 163 s.  |b il.  |c 24 cm 
910 |a SCHK95 
999 |c 5898  |d 5898